000 00349nam a22001337a 4500
020 _a9788131502334
082 _a620.1.
_bASK/ES
100 _aAskeland,Donald R.
_91050
100 _aPradeep P. Phule
_91051
245 _aEssentials of Materials Science and Engineering
260 _aNew Delhi
_bCengage Learning
_c2004
300 _a588
942 _cBK
999 _c14601
_d14601